| 000 | 01269cam a22003257a 4500 | ||
|---|---|---|---|
| 999 |
_c6254 _d6254 |
||
| 001 | 13334355 | ||
| 003 | GZU | ||
| 005 | 20210421084044.0 | ||
| 008 | 030516s2004 njua 001 0 eng d | ||
| 010 | _a 2003549475 | ||
| 020 | _a0471393274 | ||
| 020 | _a9812531637 | ||
| 035 | _a(OCoLC)ocm52256957 | ||
| 040 |
_aHUA _cHUA _dEYE _dDLC |
||
| 042 | _alccopycat | ||
| 050 | 0 | 0 |
_aTS155 _b.VON 2004 |
| 100 | 1 |
_aVonderembse, Mark A., _d1948- _eauthor |
|
| 245 | 1 | 0 |
_aOperations management : _bconcepts, methods, and strategies / _cMark A. Vonderembse, Gregory P. White. |
| 260 |
_aHoboken, N.J. : _bWiley, _cc2004. |
||
| 300 |
_axxxi, 480 p. : _bill. ; _c25 cm. |
||
| 504 | _aIncludes bibliographical references and index. | ||
| 650 | 0 | _aProduction management. | |
| 700 | 1 |
_aWhite, Gregory P., _d1948- _eauthor |
|
| 856 | 4 | 1 |
_3Table of contents only _uhttp://www.loc.gov/catdir/toc/wiley041/2003549475.html |
| 856 | 4 | 2 |
_3Contributor biographical information _uhttp://www.loc.gov/catdir/enhancements/fy0616/2003549475-b.html |
| 856 | 4 | 2 |
_3Publisher description _uhttp://www.loc.gov/catdir/enhancements/fy0616/2003549475-d.html |
| 906 |
_a7 _bcbc _ccopycat _d3 _encip _f20 _gy-gencatlg |
||
| 942 |
_2lcc _cBK _h155 _iVON _kTS |
||